000 00288nam a22001097a 4500
082 _a355.4 HAR'D
100 _aHART, B. H LIDDELL
_946426
245 _aBETERRENTER DEFENCE A FRESH LOOK AT THE WESTS MILITARY POSITION
260 _aNEWYORK
_bFREDERICK
_c1960
300 _a257P
942 _cBK
999 _c582237
_d582237